Mathnawi of Jalaliddin Rumi (Record no. 10496)

MARC details
000 -LEADER
fixed length control field 00582nam a2200229 a 4500
020 ## - INTERNATIONAL STANDARD BOOK NUMBER
ISBN
082 00 - DEWEY DECIMAL CLASSIFICATION NUMBER
Classification number 891.51
Author Cutter NIC2
100 ## - MAIN ENTRY--AUTHOR NAME
Author name Nicholson, Reynold A
245 ## - TITLE STATEMENT
Title Mathnawi of Jalaliddin Rumi
260 ## - PUBLICATION, DISTRIBUTION, ETC. (IMPRINT)
Place of publication New Delhi
Name of publisher Adam Publisher and Distributer
Year of publication 1996
300 ## - PHYSICAL DESCRIPTION
Number of Pages 416p
500 ## - GENERAL NOTE
General note includes index and biblioraphy
650 ## - SUBJECT ADDED ENTRY--TOPICAL TERM
Topical Term Persian Poetry
942 ## - ADDED ENTRY ELEMENTS (KOHA)
Koha item type Books
700 1# -
-- Nicholson, Reynold A
Holdings
Collection code Home library Current library Shelving location Date acquired Cost, normal purchase price Full call number Accession Number Koha item type
Reference Henry Martyn Institute Library Henry Martyn Institute Library Reference   1800.00 891.51 NIC2 017742 Books
Reference Henry Martyn Institute Library Henry Martyn Institute Library Reference   100.00 891.51 NIC2 017743 Books
Reference Henry Martyn Institute Library Henry Martyn Institute Library Reference   100.00 891.51 NIC2 017744 Books
Reference Henry Martyn Institute Library Henry Martyn Institute Library Reference   100.00 891.51 NIC2 017745 Books
Reference Henry Martyn Institute Library Henry Martyn Institute Library Reference   100.00 891.51 NIC2 017746 Books
                   Copyright © 2026 | Henry Martyn Institute | Hyderabad | TS-500052 | INDIA | Implemented by hmi.edu.in
Hit-Count:

Powered by Koha